004820000a2200145000450024501020000065000140010265000230011665000200013965000240015965100110018365300400019404100130023410000230024777300660027010aLepidoptera of the central Brazil plateau: II. new genera, species, and subspecies of Hesperiidae14aMariposas14aTaxonomía animal14aNuevas especies14aMorfología animal 4pBrasil fHesperiidaegMyriniaeMyrinia catua0 aInglés1 aMielke, Olaf H. H.1 tJournal of the Lepidopterists Society3547h1q1-20d1968g22